| 000 | 00548nam a2200193Ia 4500 | ||
|---|---|---|---|
| 005 | 20250326145102.0 | ||
| 008 | 250326s9999 xx 000 0 und d | ||
| 037 | _aTextbook | ||
| 040 |
_aFMSL _beng _cFMSL |
||
| 041 |
_aeng _2eng |
||
| 084 |
_asigma:f Q0 _qFMSL |
||
| 100 |
_aGuthrie G _9750613 |
||
| 245 | 0 |
_aBasic research methods: entry to soical science research _cGuthrie G |
|
| 260 |
_aNew Delhi _bNew Delhi, Sage _c2010 |
||
| 365 | _b395 | ||
| 650 | _aManagement | ||
| 942 |
_cTB _hsigma:f Q0 |
||
| 999 |
_c1306317 _d1306317 |
||